Name the College Basketball Team - Hard - Statistics

General Stats
  • This quiz has been taken 154 times
  • The average score is 8 of 12
Answer Stats
Picture Answer % Correct
Furman
90%
Holy Cross
88%
Bradley
81%
Bethune-Cookman
69%
Arkansas-Pine Bluff
66%
Lamar
65%
Southern Illinois
60%
St Bonaventure
58%
Chicago State
51%
Southeast Missouri State
51%
North Carolina Central
46%
Little Rock
42%
No matching quizzes found
Score Distribution
Percent of People with Each Score
Percentile by Number Answered
Your Score History
You have not taken this quiz